|
|
|
|
| LEADER |
00000cam a22000004a 4500 |
| 001 |
musev2_35741 |
| 003 |
MdBmJHUP |
| 005 |
20230905043747.0 |
| 006 |
m o d |
| 007 |
cr||||||||nn|n |
| 008 |
140107t20142014txu o 00 0 eng d |
| 020 |
|
|
|a 9780896728806
|
| 020 |
|
|
|z 089672879X
|
| 020 |
|
|
|z 9780896728790
|
| 020 |
|
|
|z 0896728803
|
| 035 |
|
|
|a (OCoLC)896579197
|
| 040 |
|
|
|a MdBmJHUP
|c MdBmJHUP
|
| 100 |
1 |
|
|a Chernoff, Rena Margulies,
|d 1933-
|e author.
|
| 245 |
1 |
4 |
|a The Tailors of Tomaszow :
|b A Memoir of Polish Jews /
|c Rena Margulies Chernoff & Allan Chernoff.
|
| 264 |
|
1 |
|c 2014.
|
| 264 |
|
3 |
|a Baltimore, Md. :
|b Project MUSE,
|c 2014
|
| 264 |
|
4 |
|c ©2014.
|
| 300 |
|
|
|a 1 online resource.
|
| 336 |
|
|
|a text
|b txt
|2 rdacontent
|
| 337 |
|
|
|a computer
|b c
|2 rdamedia
|
| 338 |
|
|
|a online resource
|b cr
|2 rdacarrier
|
| 490 |
0 |
|
|a Modern Jewish history
|
| 505 |
0 |
|
|a My Tomaszow -- Wartime in Tomaszow -- Deportation -- Blizyn -- Birkenau-Auschwitz -- Searching for a New Life.
|
| 520 |
|
|
|a "Preserving the collective memory of a community that is no more. Seven decades after the Nazis annihilated the Jewish community of Tomaszow-Mazowiecki, Poland, comes a gripping eyewitness narrative told by one of the youngest survivors of the Holocaust, as well as through first-hand accounts of other Tomaszow survivors. This unique communal memoir presents a rare view of Eastern European Jewry, before, during, and after World War II. It is both the memoir of a child and of a lost Jewish community, an unvarnished story in which disputes, controversy, and scandal all play a role in capturing the true flavor of life in this time and place. Nearly 14,000 Jews, one-third of the town's population, lived in Tomaszow-Mazowiecki before World War II, many making their living as tailors and seamstresses. Only 250 of them survived the Holocaust, in part because of their skill with a needle and thread. Engaging and highly accessible, The Tailors of Tomaszow is a powerful resource for educators and a compelling read for anyone wishing to gain a deeper, more personal understanding of Eastern European Jewry and the Holocaust"--
|c Provided by publisher.
|
| 520 |
|
|
|a "Memoir of prewar life, the Holocaust, and the aftermath through the eyes of a child and the Jewish community of Tomaszow-Mazowiecki, Poland; personal tragedies and torture by the Nazis, illustrating life in the Blizyn labor camp and survival of Auschwitz-Birkenau."--
|c Provided by publisher.
|
| 588 |
|
|
|a Description based on print version record.
|
| 600 |
1 |
7 |
|a Chernoff, Rena Margulies,
|d 1933-
|2 fast
|0 (OCoLC)fst01942289
|
| 600 |
1 |
0 |
|a Chernoff, Rena Margulies,
|d 1933-
|
| 650 |
|
7 |
|a Jews.
|2 fast
|0 (OCoLC)fst00983135
|
| 650 |
|
7 |
|a Jewish children in the Holocaust.
|2 fast
|0 (OCoLC)fst00982706
|
| 650 |
|
7 |
|a BIOGRAPHY & AUTOBIOGRAPHY
|x Personal Memoirs.
|2 bisacsh
|
| 650 |
|
7 |
|a HISTORY
|x Holocaust.
|2 bisacsh
|
| 650 |
|
0 |
|a Jews
|z Poland
|z Tomaszów Mazowiecki
|v Biography.
|
| 650 |
|
0 |
|a Jewish children in the Holocaust
|z Poland
|z Tomaszów Mazowiecki
|v Biography.
|
| 650 |
|
0 |
|a Holocaust, Jewish (1939-1945)
|z Poland
|z Tomaszów Mazowiecki
|v Personal narratives.
|
| 651 |
|
7 |
|a Poland
|z Tomaszów Mazowiecki.
|2 fast
|0 (OCoLC)fst01214493
|
| 651 |
|
0 |
|a Tomaszów Mazowiecki (Poland)
|v Biography.
|
| 655 |
|
7 |
|a Personal narratives.
|2 fast
|0 (OCoLC)fst01423843
|
| 655 |
|
7 |
|a Biographies.
|2 fast
|0 (OCoLC)fst01919896
|
| 655 |
|
7 |
|a Electronic books.
|2 local
|
| 700 |
1 |
|
|a Chernoff, Allan,
|d 1959-
|e author.
|
| 710 |
2 |
|
|a Project Muse.
|e distributor
|
| 830 |
|
0 |
|a Book collections on Project MUSE.
|
| 856 |
4 |
0 |
|z Texto completo
|u https://projectmuse.uam.elogim.com/book/35741/
|
| 945 |
|
|
|a Project MUSE - Custom Collection
|
| 945 |
|
|
|a Project MUSE - 2014 History
|
| 945 |
|
|
|a Project MUSE - 2014 Jewish Studies
|
| 945 |
|
|
|a Project MUSE - 2014 Complete
|